00397nam a2200157Ia 4500008004100000020001800041245003300059245005000092260001500142260001600157260000900173300001400182300002500196300001000221500000800231170705s9999 xx 000 0 und d a9780590819282 4aThe crayon box that talked / cShane DeRolf ; illustrated by Michael Letzig. aNew York : bScholastic, c1996 aunpaged : bcolor illustration ; c26cm. a590